Statistics for Best Selling SNES Games

Click here to take the quiz!

General Stats

  • This quiz has been taken 120 times
  • The average score is 18 of 48

Answer Stats

Copies Sold (in millions)Game% Correct
20.61Super Mario World
95%
4.61The Legend of Zelda: A Link to the Past
85%
1.42Super Metroid
79%
9.3Donkey Kong Country
77%
8.76Super Mario Kart
77%
4.12Super Mario World 2: Yoshi’s Island
75%
2.85F-Zero
69%
2.99Star Fox
67%
3.42Final Fantasy VI
65%
6.3Street Fighter II: The World Warrior
61%
4.1Street Fighter II Turbo: Hyper Fighting
61%
2Super Street Fighter II
61%
1.44Final Fantasy IV
60%
5.15Donkey Kong Country 2: Diddy’s Kong Quest
57%
3.51Donkey Kong Country 3: Dixie Kong’s Double Trouble
57%
10.55Super Mario All-Stars
57%
2.03Chrono Trigger
55%
2.14Super Mario RPG
53%
1.16Mega Man X
45%
1.14Pilotwings
44%
2.45Final Fantasy V
41%
1.51Mortal Kombat II
40%
1.83Secret of Mana
40%
1.44Kirby Super Star
39%
1.98SimCity
35%
2.31Mario Paint
33%
1.22Mortal Kombat 3
33%
1.48Final Fight
28%
1.75Disney’s Aladdin
24%
1.03Final Fight 2
24%
1.27The Lion King
21%
3.2Killer Instinct
20%
1.2Dragon Quest I & II
19%
1.09Super Ghouls ‘n Ghosts
19%
1.22NBA Jam
17%
2.8Dragon Quest V
16%
3.2Dragon Quest VI
16%
1.4Dragon Quest III
15%
1.7Super Puyo Puyo
8%
1.21The Magical Quest Starring Mickey Mouse
8%
1.65Super Scope 6
7%
1.45Dragon Ball Z: Super Butōden
4%
1.15Dragon Ball Z: Super Butōden 2
4%
1.32Romancing SaGa
4%
1.49Romancing SaGa 2
4%
1.3Romancing SaGa 3
4%
1.1Derby Stallion ‘96
3%
1.2Derby Stallion III
3%

Score Distribution

Percentile by Number Answered

Percent of People with Each Score

Your Score History

You have not taken this quiz